| 000 | 00626nam a2200241Ia 4500 | ||
|---|---|---|---|
| 008 | 180523s9999 xx 000 0 und d | ||
| 020 | _a9814058556 | ||
| 050 | _aMAIN HF 5823 | ||
| 050 | _b.W45 2001 | ||
| 100 | _aWells, William. | ||
| 245 | 0 | _aAdvertising : | |
| 245 | 0 | _bprinciples and practice / | |
| 245 | 0 | _cWilliam Wells, John Burnett, Sandra Moriarty. | |
| 250 | _a5th Edition | ||
| 260 | _aSingapore : | ||
| 260 | _bPearson Education South Asia, | ||
| 260 | _c2001 | ||
| 300 | _a562 pagses : | ||
| 300 | _billustrations ; | ||
| 300 | _c27 cm. | ||
| 500 | _aIncludes index. | ||
| 650 | _aAdvertising. | ||
| 999 |
_c357241 _d357241 |
||